000 02431cam a22005054i 4500
003 PE-LiUPU
005 20250731183339.0
008 131218s2013 sp a rb 001 0 spa d
020 _a9788483639757
035 _a(Sirsi) i9788483639757
040 _aPE-LiUPU
_bspa
_cPE-LiUPU
_erda
049 _aPRUA
082 0 4 _a721.171
_bV22
082 0 4 _a720.28
_bV21
_220
100 1 _aValiente Ochoa, Esther,
_eautor.
245 1 0 _aManual del ingeniero de edificación :
_bguía para el cálculo de estructuras con Cypecad /
_cEsther Valiente Ochoa, Carlos Pardo Soucase.
250 _aPrimera edición.
264 1 _aValencia :
_bEditorial Universidad Politécnica de Valencia,
_c2013.
300 _a183 páginas :
_bilustraciones ;
_c30 centímetros
336 _atext
_2rdacontent
337 _aunmediated
_2rdamedia
338 _avolume
_2rdacarrier
504 _aBibliografía : página 181-183.
504 _aÍndice : página 180.
505 0 _aDatos previos -- Introducción -- Conceptos generales -- Modelización -- El programa -- Datos generales -- La sección -- La estructura -- La cimentación -- Cálculo, análisis y resultados -- Cálculo y análisis -- Resultados -- Anexos -- Bibliografía -- Índice alfabético.
526 _aP158
526 _aP146
526 _aP17
526 _aP12
526 _aP06
541 _g043-0014566;
541 _gF001-0000120;
650 _aAnálisis estructural.
650 4 _aEstructuras (Construcción)
_xCálculo.
653 _aCYPECAD (Programa de ordenador).
700 1 _aPardo Soucase, Carlos,
_eautor.
910 _ajche
_bjkc
_cjche
_d20150904
910 _adbm
_bjpc
_cjpc
_d20180702
942 _2ddc
_cBOOK
949 _a721.171 V22 2013
_wDEWEY
_c1
_iFJ00237
_lCCODEBUJ1
_mBUJ
_p49.34
_r0
_sY
_tBOOK
_u2018-09-26
_xFIA
_zCivil
_0COMPRA
_o.STAFF. Colección General Juliaca
994 _aC0
_bPEPRU
596 _a1 3
999 _a721.171 V22 2013
_wDEWEY
_c7109
_iFJ00237
_d7109
_f2022-2-1
_g2
_lCCODEBUJ1
_mBUJ
_p49.34
_q1
_r0
_sY
_tBOOK
_u2015-9-4
_xINGENIERIA
_PP25
_0COMPRA
_o.STAFF. Colección General Juliaca
999 _a720.28 V21
_wDEWEY
_c1
_i78811
_d2018-10-11
_f2021-11-9
_g4
_lCCODEBUL1
_mBUL
_p55.00
_q2
_r0
_sY
_tBOOK
_u2018-7-2
_xINGENIERIA
_PP25
_0COMPRA
_1FCOMPRA
_o.STAFF. Colección Ingeniería y Arquitectura
980 _81
_gALBERTO SANCHEZ Responsable de Automatización